| 000 | 01221cam a22002533a 4500 | ||
|---|---|---|---|
| 001 | 12628 | ||
| 003 | PGUSA | ||
| 005 | 20140828083254.0 | ||
| 008 | 040601s2004||||xxu|||||s|||||000 p eng d | ||
| 040 |
_aPGUSA _beng |
||
| 042 | _adc | ||
| 050 | 4 | _aPR | |
| 100 | 1 |
_aArnold, Matthew, _d1822-1888 |
|
| 245 | 1 | 0 |
_aSelections from the Prose Works of Matthew Arnold _h[electronic resource] / _cMatthew Arnold |
| 260 |
_bProject Gutenberg, _c2004 |
||
| 505 | 0 | _aTheories of Literature and Criticism: 1. Poetry and the Classics (1853) 2. the Function of Criticism at the Present Time (1864) 3. the Study of Poetry (1880) 4. Literature and Science (1882) -- Literary Criticism: 1. Heinrich Heine (1863) 2. Marcus Aurelius (1863) 3. the Contribution of the Celts to English Literature (1866) 4. George Sand (1877) 5. Wordsworth (1879) -- Social and Political Studies: 1. Sweetness and Light (1867) 2. Hebraism and Hellenism (1867) 3. Equality (1878). | |
| 506 | _aPublic domain in the USA. | ||
| 516 | _aElectronic text | ||
| 653 | _aEnglish essays -- 19th century | ||
| 700 | 1 |
_aJohnson, William Savage, _d1877-1942 |
|
| 830 | 0 |
_aProject Gutenberg _v12628 |
|
| 856 | 4 | 0 | _uhttp://www.gutenberg.org/ebooks/12628 |
| 942 | _cEB | ||
| 999 |
_c241883 _d241883 |
||